Cirugía oral y maxilofacial contemporánea (Registro nro. 12709)

Detalles MARC
000 -Cabecera
Campo de control de longitud fija 01144nam a22004217a 4500
005 - Fecha y hora de la última transacción
Campo de control 20251106142135.0
008 - Elementos de longitud fija--Información general
Campo de control de longitud fija 200904b2014 xxu||||| |||| 00| 0 spa d
020 ## - International Standard Book Number
Número Internacional Estándar del Libro (ISBN) 9788490224984
041 ## - Idioma
Código de idioma Español
082 ## - Clasificación Decimal Dewey
Número de clasificación 617.605 H958c6
100 ## - Entrada principal--Autor personal
Nombre personal Hupp, James R.
100 ## - Entrada principal--Autor personal
Nombre personal Ellis III, Edward
9 (RLIN) 58321
100 ## - Entrada principal--Autor personal
Nombre personal Tucker, Myron R.
9 (RLIN) 58322
245 ## - Título propiamente dicho
Título Cirugía oral y maxilofacial contemporánea
250 ## - Edición
Mención de edición 6 edición
260 ## - Pie de imprenta
Lugar de publicación, distribución, etc. España
260 ## - Pie de imprenta
Nombre del editor, distribuidor, etc. Elsevier
260 ## - Pie de imprenta
Fecha de publicación, distribución, etc. 2014
300 ## - Descripción física
Extensión 702 páginas
300 ## - Descripción física
Otras características físicas Ilustraciones a color
490 ## - Serie
Título de la Serie Mecánica Dental
650 ## - Materia general
Temática (materia general) CIRUGÍA ORAL
650 ## - Materia general
Temática (materia general) EVALUACIÓN PREOPERATORIA
650 ## - Materia general
Temática (materia general) URGENCIAS MÉDICAS
650 ## - Materia general
Temática (materia general) EXODONCIA
650 ## - Materia general
Temática (materia general) CIRUGÍA PREPOTÉSICA
650 ## - Materia general
Temática (materia general) IMPLANTOLOGÍA
650 ## - Materia general
Temática (materia general) INFECCIONES ODONTOGÉNICAS
650 ## - Materia general
Temática (materia general) GLÁNDULAS SALIVALES
650 ## - Materia general
Temática (materia general) LESIONES ORALES
650 ## - Materia general
Temática (materia general) TRAUMATOLOGÍA ORAL
650 ## - Materia general
Temática (materia general) MAXILOFACIAL
650 ## - Materia general
Temática (materia general) FRACTURAS FACIALES
650 ## - Materia general
Temática (materia general) DEFORMIDADES DENTOFACIALES
650 ## - Materia general
Temática (materia general) TRASTORNOS TEMPOROMANDIBULARES
650 ## - Materia general
Temática (materia general) DOLOR FACIAL
942 ## - Punto de acceso adicional KOHA
Tipo de ítem KOHA Libro
Fuente del sistema de clasificación o colocación Dewey Decimal Classification
Existencias
Signatura completa Código de barras Programa Académico Tipo de ítem
617.605 H958c6 24980 Mecánica Dental Libro